En el corazón de Cristo: testimonio de un siquiatra
Gardado en:
| Autor Principal: | |
|---|---|
| Formato: | Libro |
| Idioma: | Lingua castelá |
| Publicado: |
Santiago
Paulinas
1992
|
| Edición: | 4a. ed |
| Subjects: | |
| Tags: |
Engadir etiqueta
Sen Etiquetas, Sexa o primeiro en etiquetar este rexistro!
|
MARC
| LEADER | 00000cam a2200000 a 4500 | ||
|---|---|---|---|
| 001 | UCK9200 | ||
| 003 | CL-VaPUC | ||
| 008 | 060421e19920000CL |||||||||||||||||spa|d | ||
| 020 | |a 9562560367 | ||
| 082 | 0 | 4 | |a 248.24 |b PEÑ |2 21 |
| 100 | 0 | |a Peña y Lillo Lacassie, Sergio |e author |9 498935 | |
| 245 | 1 | 0 | |a En el corazón de Cristo: testimonio de un siquiatra |
| 250 | |a 4a. ed | ||
| 300 | |a 92 p | ||
| 942 | |c BK | ||
| 945 | |d 20060421 00:00:00 |a jtorresc | ||
| 260 | |a Santiago |b Paulinas |c 1992 | ||
| 650 | 0 | |a Conversos |9 310974 | |
| 650 | 7 | |a CONVERSION |2 CL-VaPUC |9 310975 | |
| 583 | |a last modification |c 20130311 01:21:26 |k Rodrigo Vera | ||
| 999 | |c 316474 |d 316472 | ||
| 952 | |0 0 |1 0 |4 0 |6 248_240000000000000_PEÑ_1992 |7 0 |8 A |9 390870 |a BIBEDU |b BIBEDU |d 2019-11-22 |i 4190459 |o 248.24 PEÑ 1992 |p 4190459 |r 2019-11-22 |w 2019-11-22 |y BK |k LIT | ||
| 952 | |0 0 |1 0 |4 0 |6 248_240000000000000_PEÑ_1992 |7 0 |8 A |9 390871 |a BIBTEO |b BIBTEO |d 2019-11-22 |i 4954939 |o 248.24 PEÑ 1992 |p 4954939 |r 2025-01-17 |w 2019-11-22 |y BK |k ICR | ||